<?xml version="1.0" encoding="UTF-8"?>
<record
    xmlns:xsi="http://www.w3.org/2001/XMLSchema-instance"
    xsi:schemaLocation="http://www.loc.gov/MARC21/slim http://www.loc.gov/standards/marcxml/schema/MARC21slim.xsd"
    xmlns="http://www.loc.gov/MARC21/slim">

  <leader>01012nam a2200241 a 4500</leader>
  <controlfield tag="001">BRCA_6980</controlfield>
  <controlfield tag="005">20190320205651.0</controlfield>
  <controlfield tag="008">221111s1945----sp-ab#####---#000-0#spa-#</controlfield>
  <datafield tag="041" ind1=" " ind2=" ">
    <subfield code="a">spa</subfield>
  </datafield>
  <datafield tag="044" ind1=" " ind2=" ">
    <subfield code="a">sp</subfield>
  </datafield>
  <datafield tag="050" ind1=" " ind2="4">
    <subfield code="a">VK551</subfield>
    <subfield code="b">.C67</subfield>
  </datafield>
  <datafield tag="245" ind1="1" ind2="0">
    <subfield code="a">Breve compendiop de la sphera y de la arte de navegar</subfield>
    <subfield code="b">edici&#xF3;n facsimilar de la obra que Martin Cortes redacto en C&#xE1;diz por 1545 e imprimio en Sevilla en 1551</subfield>
    <subfield code="c">introducci&#xF3;n por Laureano Labarta Ubieto, Salvador Garc&#xED;a Franco, Julio F. Guillen y Tato.</subfield>
  </datafield>
  <datafield tag="260" ind1=" " ind2=" ">
    <subfield code="a">Zaragoza, Espa&#xF1;a</subfield>
    <subfield code="b">Instituci&#xF3;n Fernando el Cat&#xF3;lico</subfield>
    <subfield code="c">1945</subfield>
  </datafield>
  <datafield tag="300" ind1=" " ind2=" ">
    <subfield code="a">95 p., 21 p.</subfield>
    <subfield code="b">il., mapas</subfield>
    <subfield code="c">?? cm.</subfield>
  </datafield>
  <datafield tag="500" ind1=" " ind2=" ">
    <subfield code="a">Ejemplar numerado 380 de 500.</subfield>
  </datafield>
  <datafield tag="500" ind1=" " ind2=" ">
    <subfield code="a">Edici&#xF3;n conmemorativa del IV centenario de la redacci&#xF3;n de este libro, en C&#xE1;diz, 1545, se publica a base del ejemplar que posee el Museo Naval de Madrid</subfield>
  </datafield>
  <datafield tag="500" ind1=" " ind2=" ">
    <subfield code="a">O213</subfield>
  </datafield>
  <datafield tag="650" ind1="1" ind2="4">
    <subfield code="a">Navegaci&#xF3;n</subfield>
    <subfield code="9">15772</subfield>
  </datafield>
  <datafield tag="650" ind1="1" ind2="4">
    <subfield code="a">Mapas</subfield>
    <subfield code="9">10484</subfield>
  </datafield>
  <datafield tag="650" ind1="1" ind2="4">
    <subfield code="a">Geograf&#xED;a matem&#xE1;tica</subfield>
    <subfield code="9">15780</subfield>
  </datafield>
  <datafield tag="902" ind1=" " ind2=" ">
    <subfield code="a">GFM</subfield>
  </datafield>
  <datafield tag="942" ind1=" " ind2=" ">
    <subfield code="2">lcc</subfield>
    <subfield code="c">B</subfield>
  </datafield>
  <datafield tag="999" ind1=" " ind2=" ">
    <subfield code="c">6661</subfield>
    <subfield code="d">6661</subfield>
  </datafield>
  <datafield tag="952" ind1=" " ind2=" ">
    <subfield code="0">0</subfield>
    <subfield code="1">0</subfield>
    <subfield code="4">0</subfield>
    <subfield code="7">0</subfield>
    <subfield code="a">BRCA</subfield>
    <subfield code="b">BRCA</subfield>
    <subfield code="d">2011-11-22</subfield>
    <subfield code="i">O213</subfield>
    <subfield code="l">0</subfield>
    <subfield code="o">VK551 .C67 (O213)</subfield>
    <subfield code="p">7427</subfield>
    <subfield code="r">2019-03-22 00:00:00</subfield>
    <subfield code="w">2019-03-22</subfield>
    <subfield code="y">B</subfield>
  </datafield>
</record>
